| 000 | 00820nam a2200205 a 4500 | ||
|---|---|---|---|
| 003 | 0 | ||
| 005 | 20250619082209.0 | ||
| 008 | 021128s19uu xx 00 eng d | ||
| 050 |
_aPGS TD 792.5 _b.C355 2000 |
||
| 100 | _aCastro, Mary Ann SM. | ||
| 245 |
_aThe perceptions of grade 4 students of Southville International School on the use of color coded trash cans / _cMary Ann SM. Castro. |
||
| 260 |
_aLas PiƱas City, Philippines : _bSouthville International School and Colleges, _c2000. |
||
| 300 |
_a32 pages : _bcolored illustrations ; _c28 cm. |
||
| 504 | _aIncludes bibliographical references. | ||
| 650 |
_aRecycling (Waste, etc.) _vStudy and teaching (Elementary). |
||
| 650 | _aSolid waste segregation. | ||
| 650 | _aRefuse and refuse disposal. | ||
| 650 | _aEnvironmental education. | ||
| 942 |
_2lcc _cPASS |
||
| 999 |
_c96394 _d96394 |
||